Производство и применение гнутых профилей проката. Технология, оборудование, сортамент, методы расчетв, области применения, эффективность

Detalles Bibliográficos
Outros autores: Тришевский И. С. (автор), Донец Г. В., Мирошниченко В. И., Докторов М. Е., Гужа В. Н., Тришевский И. С. Игорь Стефанович
Idioma:ruso
Publicado: Москва, Металлургия, 1975
Subjects:
Formato: MixedMaterials Libro
KOHA link:https://koha.lib.tpu.ru/cgi-bin/koha/opac-detail.pl?biblionumber=120863

MARC

LEADER 00000nam0a2200000 4500
001 120863
005 20231031125156.0
020 |a RU  |b 83-2522 
035 |a (RuTPU)RU\TPU\book\130874 
090 |a 120863 
100 |a 20070906d1975 km y0rusy5003 ca 
101 0 |a rus 
102 |a RU 
105 |a a g 001zy 
200 1 |a Производство и применение гнутых профилей проката. Технология, оборудование, сортамент, методы расчетв, области применения, эффективность  |f И. С. Тришевский [и др.]  |g И. С. Тришевского 
210 |a Москва  |c Металлургия  |d 1975 
215 |a 536 с.  |c ил. 
610 1 |a прокатное оборудование 
610 1 |a прокатные профили гнутые 
610 1 |a производство 
610 1 |a гнутые профили 
610 1 |a профилирование 
610 1 |a валки 
610 1 |a калибровочные работы 
610 1 |a расчеты 
610 1 |a справочники 
675 |a 621.771.6  |z rus 
701 1 |a Тришевский  |b И. С. 
701 1 |a Донец  |b Г. В. 
701 1 |a Мирошниченко  |b В. И. 
701 1 |a Докторов  |b М. Е. 
701 1 |a Гужа  |b В. Н. 
702 1 |a Тришевский  |b И. С.  |g Игорь Стефанович  |4 070 
801 0 |a RU  |b RuMRKP  |c 19950704  |g psbo 
801 1 |a RU  |b 63413507  |c 20070906  |g PSBO 
801 2 |a RU  |b 63413507  |c 20080923  |g PSBO 
942 |c BK